Llavor 1 i 2. Recolzament didàctic. 1. Déu m'estima. 1º E.G.B. 2. Jesús és el meu amic. 2º E.G.B.

Gespeichert in:
Bibliographische Detailangaben
1. Verfasser: Arrizabalaga, José Angel Bueno Heras, Carmelo Díaz, Angel Martínez Beltrán, José María Pérez Landáburu, Encarnación Pérez Urroz, Alejandro Sauras, Jose Manuel
Format: keine Angabe
Sprache:Spanisch
Katalanisch
Erschienen: Sant Adrià de Besòs. Barcelona Bruño 1988
Katalog:MANES:  Suchergebnis im Bibliothekskatalog
Schulbuchspezifische Eigenschaften:
Tags: Tag hinzufügen
Keine Tags, Fügen Sie den ersten Tag hinzu!
Hinzugefügt zu:26.04.2016

MARC

LEADER 000000000a22000000004500
001 01724
003 OSt
008 160427s sp ||||| |||| 00| 0 spa d
040 |c centro_manes 
041 1 |a cat 
691 7 |a PRI 
100 1 |a Arrizabalaga, José Angel  |9 224  |a Bueno Heras, Carmelo  |9 97  |a Díaz, Angel  |9 227  |a Martínez Beltrán, José María  |9 151  |a Pérez Landáburu, Encarnación  |9 98  |a Pérez Urroz, Alejandro  |9 99  |a Sauras, Jose Manuel  |9 226 
245 0 0 |a Llavor 1 i 2. Recolzament didàctic. 1. Déu m'estima. 1º E.G.B. 2. Jesús és el meu amic. 2º E.G.B. 
260 3 |a Sant Adrià de Besòs. Barcelona  |b Bruño  |c 1988 
300 |a 80 p.  |c 27x19 cm 
500 |a Fecha de publicación tomada del Depósito Legal 
690 7 |a RyM 
942 |2 ddc  |c BK 
546 |a España 
999 |c 7698  |d 7698 
999 |c manes:7698  |d 7698